Rekreačné poukazy a ich prenosnosť na rodičov

Novela Zákonníka práce. Povinnosť a možnosť zamestnávateľa poskytovať príspevok na rekreáciu. Podmienky na poskytnutie príspevku. Výška príspevku na rekreáciu. Spôsob poskytovania príspevku a jeho poskytnutie vo forme rekreačného poukazu. Frekvencia poskytovania príspevku. Oprávnené výdavky a možnos...

Descrizione completa

Salvato in:
Dettagli Bibliografici
Autore principale: Mičudová, Tatiana
Natura: Capitolo di libro
Lingua:slovacco
Soggetti:
Tags: Aggiungi Tag
Nessun Tag, puoi essere il primo ad aggiungerne!!

MARC

LEADER 00000naa a2200000 4500
001 0305218
005 20241120110527.2
041 0 |a slo 
044 |a SK 
245 1 0 |a Rekreačné poukazy a ich prenosnosť na rodičov  |c Tatiana Mičudová 
520 |a Novela Zákonníka práce. Povinnosť a možnosť zamestnávateľa poskytovať príspevok na rekreáciu. Podmienky na poskytnutie príspevku. Výška príspevku na rekreáciu. Spôsob poskytovania príspevku a jeho poskytnutie vo forme rekreačného poukazu. Frekvencia poskytovania príspevku. Oprávnené výdavky a možnosť prenosu na rodiča zamestnanca. Príspevok na rekreáciu a GDPR. 
610 2 0 |a poukazy rekreačné 
610 2 0 |a príspevky rekreačné 
610 2 0 |a zamestnanci 
610 2 0 |a zamestnávatelia 
610 2 0 |a zákony 
610 2 0 |a novelizácia 
610 2 0 |a zákonník práce 
610 2 0 |a GDPR 
100 1 |a Mičudová, Tatiana